000 01061nam0a22002771 4500
001 rc\211436
005 20260407104820.0
010 _a5-230-15231-1
_9500
035 _a(NLR Aleph) 005461422
090 _a4959033
_c4959033
100 _a20030307d1991 |||y0rusy50 ca
101 0 _arus
102 _aRU
105 _aa |||||||||
200 1 _aЭкономика создания и освоения новой техники
_e[Учеб. пособие
_fМ.В. Терин и др.]
_gПод ред. М.В. Терина
210 _aЯрославль
_cЯПИ
_d1991
215 _a104 с.
_cил.
_d20
225 1 _aУчебная литература
_fЯросл. политехн. ин-т
320 _aБиблиогр.: с. 93-95 (38 назв.)
702 1 _aТерин
_bМ.В.
_gМихаил Викторович
_4220
712 0 2 _aЯрославский политехнический институт
_3RU\NLR\AUTH\889935889
_9366639
801 0 _aRU
_bNLR
_gpsbo
801 1 _aRU
_bELAR
_2rusmarc
852 _aNLR
_j91-3/9395
942 _cBOOK
980 _aNB